[Event "45th FIDE Chess Olympiad Open"]
[Site "Budapest, Hungary"]
[Date "2024.09.20"]
[Round "9"]
[White "Kebede , Yoseph Kifle"]
[Black "Al Abdali, Zeyad Saleh"]
[Result "1-0"]
[Board "239"]
[WhiteFideId "15708063"]
[BlackFideId "21501505"]
[WhiteElo "2037"]
[BlackElo "1780"]
[WhiteTeam "Ethiopia"]
[BlackTeam "Saudi Arabia"]
[WhiteClock "1:15:46"]
[BlackClock "0:02:28"]
[Variant "Standard"]

1. Nf3 {[%clk 1:30:57]}  Nf6 {[%clk 1:27:46]} 2. b3 {[%clk 1:29:58]}  e6 {[%clk 1:26:50]} 3. Bb2 {[%clk 1:29:58]}  c5 {[%clk 1:27:11]} 4. c4 {[%clk 1:29:37]}  Nc6 {[%clk 1:23:19]} 5. g3 {[%clk 1:29:30]}  d5 {[%clk 1:22:21]} 6. cxd5 {[%clk 1:29:51]}  exd5 {[%clk 1:22:38]} 7. Bg2 {[%clk 1:29:39]}  Be7 {[%clk 1:18:17]} 8. O-O {[%clk 1:29:46]}  d4 {[%clk 1:17:07]} 9. d3 {[%clk 1:29:54]}  O-O {[%clk 1:17:12]} 10. Nbd2 {[%clk 1:30:17]}  Be6 {[%clk 1:16:08]} 11. Nc4 {[%clk 1:27:12]}  Rc8 {[%clk 1:11:43]} 12. Nce5 {[%clk 1:27:03]}  Nxe5 {[%clk 1:07:30]} 13. Nxe5 {[%clk 1:27:25]}  Bd5 {[%clk 1:07:53]} 14. Bh3 {[%clk 1:25:59]}  Rb8 {[%clk 1:06:23]} 15. e4 {[%clk 1:26:10]}  dxe3 {[%clk 1:00:36]} 16. fxe3 {[%clk 1:26:23]}  Qb6 {[%clk 0:42:01]} 17. Qe2 {[%clk 1:24:11]}  Rbd8 {[%clk 0:39:55]} 18. Rad1 {[%clk 1:23:35]}  Qa6 {[%clk 0:36:50]} 19. Ba1 {[%clk 1:22:38]}  Be6 {[%clk 0:31:32]} 20. Bg2 {[%clk 1:21:50]}  Rfe8 {[%clk 0:27:31]} 21. h3 {[%clk 1:15:32]}  Bd5 {[%clk 0:25:20]} 22. Bxd5 {[%clk 1:13:53]}  Rxd5 {[%clk 0:25:48]} 23. e4 {[%clk 1:14:03]}  Rdd8 {[%clk 0:24:40]} 24. Rf5 {[%clk 1:12:15]}  Qe6 {[%clk 0:21:12]} 25. g4 {[%clk 1:11:06]}  g6 {[%clk 0:13:41]} 26. Rf3 {[%clk 1:10:49]}  Bd6 {[%clk 0:08:05]} 27. Nc4 {[%clk 1:08:18]}  Nd7 {[%clk 0:06:39]} 28. Rdf1 {[%clk 1:07:47]}  f6 {[%clk 0:04:04]} 29. Bxf6 {[%clk 1:07:41]}  Be7 {[%clk 0:04:02]} 30. Ba1 {[%clk 1:07:43]}  Rf8 {[%clk 0:03:47]} 31. Ne3 {[%clk 1:03:58]}  Rxf3 {[%clk 0:03:40]} 32. Rxf3 {[%clk 1:03:56]}  Ne5 {[%clk 0:03:12]} 33. Bxe5 {[%clk 1:04:00]}  Qxe5 {[%clk 0:03:40]} 34. Qc2 {[%clk 1:01:20]}  b5 {[%clk 0:02:51]} 35. Nd5 {[%clk 1:01:19]}  Bg5 {[%clk 0:01:07]} 36. Qf2 {[%clk 0:57:51]}  c4 {[%clk 0:00:50]} 37. h4 {[%clk 0:57:59]}  Be7 {[%clk 0:00:33]} 38. bxc4 {[%clk 0:54:06]}  bxc4 {[%clk 0:00:59]} 39. dxc4 {[%clk 0:53:41]}  Qxe4 {[%clk 0:00:53]} 40. Rf4 {[%clk 0:52:09]}  Qb1+ {[%clk 0:00:33]} 41. Kg2 {[%clk 0:52:09]}  Qb7 {[%clk 0:16:29]} 42. Rf7 {[%clk 1:20:44]}  Rf8 {[%clk 0:13:46]} 43. Rxf8+ {[%clk 1:20:42]}  Bxf8 {[%clk 0:14:14]} 44. Kh3 {[%clk 1:20:21]}  Bg7 {[%clk 0:10:52]} 45. Qe3 {[%clk 1:19:21]}  Qf7 {[%clk 0:08:54]} 46. Kg2 {[%clk 1:19:26]}  h6 {[%clk 0:09:09]} 47. Qe4 {[%clk 1:19:13]}  Bf8 {[%clk 0:07:08]} 48. Nf4 {[%clk 1:18:46]}  g5 {[%clk 0:04:36]} 49. Qg6+ {[%clk 1:18:27]}  Qxg6 {[%clk 0:04:13]} 50. Nxg6 {[%clk 1:18:50]}  Bd6 {[%clk 0:03:15]} 51. h5 {[%clk 1:19:01]}  Kf7 {[%clk 0:03:39]} 52. Kf3 {[%clk 1:19:11]}  Ke6 {[%clk 0:03:49]} 53. Ke4 {[%clk 1:19:29]}  a6 {[%clk 0:03:20]} 54. Kd4 {[%clk 1:19:05]}  Ba3 {[%clk 0:02:27]} 55. c5 {[%clk 1:16:28]}  Bb2+ {[%clk 0:00:56]} 56. Ke4 {[%clk 1:15:56]}  Ba3 {[%clk 0:01:07]} 57. c6 {[%clk 1:16:16]}  Bd6 {[%clk 0:00:41]} 58. Kd4 {[%clk 1:16:22]}  Ba3 {[%clk 0:00:35]} 59. c7 {[%clk 1:13:37]}  Kd7 {[%clk 0:00:47]} 60. Ne5+ {[%clk 1:13:49]}  Kxc7 {[%clk 0:01:11]} 61. Nf7 {[%clk 1:14:08]}  Bf8 {[%clk 0:01:39]} 62. Ke5 {[%clk 1:14:21]}  Bg7+ {[%clk 0:00:32]} 63. Kf5 {[%clk 1:14:33]}  Kc6 {[%clk 0:00:31]} 64. Kg6 {[%clk 1:14:50]}  Bf8 {[%clk 0:00:32]} 65. Nxh6 {[%clk 1:15:02]}  Kb5 {[%clk 0:00:56]} 66. Nf5 {[%clk 1:15:06]}  Ka4 {[%clk 0:01:17]} 67. Kf7 {[%clk 1:15:24]}  Bb4 {[%clk 0:01:43]} 68. h6 {[%clk 1:15:41]}  Bc3 {[%clk 0:02:12]} 69. Ng7 {[%clk 1:15:28]}  Ka3 {[%clk 0:02:34]} 70. h7 {[%clk 1:15:45]}  Kxa2 {[%clk 0:03:00]} 71. h8=Q {[%clk 1:15:54]}  a5 {[%clk 0:03:22]} 72. Qh2+ {[%clk 1:16:01]}  Kb3 {[%clk 0:03:37]} 73. Ne6 {[%clk 1:16:00]}  a4 {[%clk 0:03:07]} 74. Nc5+ {[%clk 1:16:12]}  Kb4 {[%clk 0:03:06]} 75. Qc2 {[%clk 1:16:07]}  Kxc5 {[%clk 0:02:28]} 76. Qxc3+ {[%clk 1:15:46]} 1-0

[Event "45th FIDE Chess Olympiad Open"]
[Site "Budapest, Hungary"]
[Date "2024.09.20"]
[Round "9"]
[White "Khayat, Emad"]
[Black "Shiferaw, Yalemzewde Mekonnen"]
[Result "0-1"]
[Board "240"]
[WhiteFideId "21518076"]
[BlackFideId "15700470"]
[WhiteElo "1907"]
[BlackElo "2025"]
[WhiteTeam "Saudi Arabia"]
[BlackTeam "Ethiopia"]
[WhiteClock "0:29:44"]
[BlackClock "1:05:13"]
[Variant "Standard"]

1. d4 {[%clk 1:30:52]}  d5 {[%clk 1:30:40]} 2. c4 {[%clk 1:31:13]}  c6 {[%clk 1:31:02]} 3. cxd5 {[%clk 1:31:16]}  cxd5 {[%clk 1:31:19]} 4. Nc3 {[%clk 1:31:25]}  e6 {[%clk 1:31:25]} 5. Nf3 {[%clk 1:31:42]}  Nf6 {[%clk 1:31:36]} 6. Bf4 {[%clk 1:31:22]}  Bd6 {[%clk 1:31:17]} 7. Bg3 {[%clk 1:30:20]}  Nc6 {[%clk 1:30:34]} 8. e3 {[%clk 1:30:32]}  Ne4 {[%clk 1:30:14]} 9. Bd3 {[%clk 1:27:28]}  Nxg3 {[%clk 1:28:24]} 10. hxg3 {[%clk 1:27:51]}  g6 {[%clk 1:28:38]} 11. Qe2 {[%clk 1:21:55]}  Nb4 {[%clk 1:27:49]} 12. Bb5+ {[%clk 1:16:38]}  Bd7 {[%clk 1:27:22]} 13. a3 {[%clk 1:16:39]}  Nc6 {[%clk 1:27:24]} 14. e4 {[%clk 1:02:29]}  dxe4 {[%clk 1:26:53]} 15. Qxe4 {[%clk 1:02:42]}  a6 {[%clk 1:22:53]} 16. Bxc6 {[%clk 0:57:18]}  bxc6 {[%clk 1:19:10]} 17. O-O {[%clk 0:48:45]}  O-O {[%clk 1:19:11]} 18. Qc2 {[%clk 0:43:54]}  Be7 {[%clk 1:14:39]} 19. Ne4 {[%clk 0:43:37]}  Qb6 {[%clk 1:13:41]} 20. Rfd1 {[%clk 0:40:11]}  Rfb8 {[%clk 1:12:18]} 21. Ne5 {[%clk 0:40:12]}  Be8 {[%clk 1:12:24]} 22. b4 {[%clk 0:40:12]}  Rd8 {[%clk 1:11:06]} 23. Nc5 {[%clk 0:34:16]}  Bf6 {[%clk 1:05:34]} 24. Rd3 {[%clk 0:29:10]}  Qc7 {[%clk 1:01:58]} 25. f4 {[%clk 0:26:51]}  a5 {[%clk 1:00:31]} 26. Rc1 {[%clk 0:21:38]}  Bg7 {[%clk 0:59:16]} 27. Qc3 {[%clk 0:20:11]}  axb4 {[%clk 0:58:44]} 28. axb4 {[%clk 0:20:37]}  Qb6 {[%clk 0:58:54]} 29. Kh2 {[%clk 0:14:36]}  Ra2 {[%clk 0:56:48]} 30. Rd2 {[%clk 0:10:56]}  Rda8 {[%clk 0:51:17]} 31. Rxa2 {[%clk 0:08:18]}  Rxa2 {[%clk 0:51:26]} 32. Ra1 {[%clk 0:07:35]}  Rxa1 {[%clk 0:49:26]} 33. Qxa1 {[%clk 0:07:59]}  Bxe5 {[%clk 0:49:32]} 34. dxe5 {[%clk 0:03:13]}  Qxb4 {[%clk 0:49:09]} 35. Qa7 {[%clk 0:03:20]}  Kf8 {[%clk 0:47:06]} 36. Qc7 {[%clk 0:00:39]}  Qxc5 {[%clk 0:47:17]} 37. Qb8 {[%clk 0:00:34]}  Qd5 {[%clk 0:47:15]} 38. Kh3 {[%clk 0:00:48]}  h5 {[%clk 0:47:13]} 39. Kh4 {[%clk 0:00:50]}  c5 {[%clk 0:47:01]} 40. Kg5 {[%clk 0:00:59]}  Qd7 {[%clk 0:43:51]} 41. g4 {[%clk 0:00:51]}  Qe7+ {[%clk 0:41:43]} 42. Kh6 {[%clk 0:01:04]}  hxg4 {[%clk 0:41:53]} 43. g3 {[%clk 0:01:11]}  Kg8 {[%clk 0:40:57]} 44. Qc8 {[%clk 0:29:44]}  f6 {[%clk 1:05:13]} 0-1

[Event "45th FIDE Chess Olympiad Open"]
[Site "Budapest, Hungary"]
[Date "2024.09.20"]
[Round "9"]
[White "Ferster, Fabian"]
[Black "Ebosse Kingue Victor Patrick"]
[Result "1/2-1/2"]
[Board "241"]
[WhiteFideId "4695330"]
[BlackFideId "16400291"]
[BlackTitle "FM"]
[WhiteElo "2184"]
[BlackElo "2014"]
[WhiteTeam "Liechtenstein"]
[BlackTeam "Cameroon"]
[WhiteClock "0:15:22"]
[BlackClock "0:09:58"]
[Variant "Standard"]

1. d4 {[%clk 1:30:56]}  Nf6 {[%clk 1:30:52]} 2. c4 {[%clk 1:31:20]}  g6 {[%clk 1:31:15]} 3. g3 {[%clk 1:31:44]}  Bg7 {[%clk 1:31:39]} 4. Bg2 {[%clk 1:32:09]}  O-O {[%clk 1:31:51]} 5. Nc3 {[%clk 1:32:34]}  d6 {[%clk 1:32:13]} 6. h3 {[%clk 1:32:57]}  e5 {[%clk 1:32:37]} 7. Nf3 {[%clk 1:32:54]}  Nc6 {[%clk 1:32:12]} 8. Be3 {[%clk 1:33:18]}  h6 {[%clk 1:25:50]} 9. O-O {[%clk 1:28:26]}  a6 {[%clk 1:24:26]} 10. dxe5 {[%clk 1:25:18]}  dxe5 {[%clk 1:24:07]} 11. Qc1 {[%clk 1:24:44]}  Be6 {[%clk 1:16:16]} 12. Bxh6 {[%clk 1:20:25]}  Qc8 {[%clk 1:11:10]} 13. Bxg7 {[%clk 1:09:52]}  Kxg7 {[%clk 1:11:28]} 14. Ng5 {[%clk 1:09:11]}  Rh8 {[%clk 1:06:50]} 15. Nxe6+ {[%clk 1:06:29]}  Qxe6 {[%clk 1:06:38]} 16. Nd5 {[%clk 1:06:23]}  Nd4 {[%clk 0:56:55]} 17. Re1 {[%clk 1:05:33]}  Rad8 {[%clk 0:33:32]} 18. e3 {[%clk 1:03:00]}  Nc6 {[%clk 0:22:53]} 19. Nxf6 {[%clk 0:54:03]}  Kxf6 {[%clk 0:21:58]} 20. Qc3 {[%clk 0:49:27]}  Rxh3 {[%clk 0:20:53]} 21. Red1 {[%clk 0:46:11]}  Rdh8 {[%clk 0:18:34]} 22. Qd3 {[%clk 0:42:02]}  Rh2 {[%clk 0:15:25]} 23. Qd5 {[%clk 0:41:03]}  Qg4 {[%clk 0:13:25]} 24. Qf3+ {[%clk 0:34:52]}  Qf5 {[%clk 0:12:40]} 25. Qxf5+ {[%clk 0:24:29]}  gxf5 {[%clk 0:12:35]} 26. Bxc6 {[%clk 0:24:52]}  bxc6 {[%clk 0:12:54]} 27. Kf1 {[%clk 0:25:14]}  f4 {[%clk 0:10:04]} 28. gxf4 {[%clk 0:19:08]}  exf4 {[%clk 0:10:32]} 29. Ke2 {[%clk 0:19:06]}  R8h3 {[%clk 0:10:07]} 30. exf4 {[%clk 0:18:54]}  Kf5 {[%clk 0:09:58]} 31. Rd7 {[%clk 0:15:22]} 1/2-1/2

[Event "45th FIDE Chess Olympiad Open"]
[Site "Budapest, Hungary"]
[Date "2024.09.20"]
[Round "9"]
[White "Zebaze Dongmo Loic Dylane"]
[Black "Krieger, Markus"]
[Result "0-1"]
[Board "242"]
[WhiteFideId "16401107"]
[BlackFideId "4669533"]
[WhiteElo "1914"]
[BlackElo "2153"]
[WhiteTeam "Cameroon"]
[BlackTeam "Liechtenstein"]
[WhiteClock "1:11:42"]
[BlackClock "0:30:34"]
[Variant "Standard"]

1. d4 {[%clk 1:30:52]}  d5 {[%clk 1:30:51]} 2. Nc3 {[%clk 1:31:07]}  Bf5 {[%clk 1:28:35]} 3. f3 {[%clk 1:31:19]}  Nf6 {[%clk 1:26:17]} 4. g4 {[%clk 1:31:33]}  Bg6 {[%clk 1:24:47]} 5. g5 {[%clk 1:31:48]}  Nh5 {[%clk 1:21:40]} 6. e4 {[%clk 1:31:56]}  dxe4 {[%clk 1:19:53]} 7. f4 {[%clk 1:32:13]}  e5 {[%clk 1:00:17]} 8. fxe5 {[%clk 1:31:59]}  h6 {[%clk 0:57:46]} 9. gxh6 {[%clk 1:32:07]}  Qh4+ {[%clk 0:57:22]} 10. Kd2 {[%clk 1:30:09]}  Be7 {[%clk 0:38:32]} 11. Qe2 {[%clk 1:29:43]}  e3+ {[%clk 0:36:53]} 12. Kd1 {[%clk 1:26:45]}  Qxd4+ {[%clk 0:36:48]} 13. Bd2 {[%clk 1:26:58]}  Qxd2+ {[%clk 0:35:55]} 14. Qxd2 {[%clk 1:27:21]}  exd2 {[%clk 0:36:22]} 15. hxg7 {[%clk 1:27:04]}  Nxg7 {[%clk 0:36:42]} 16. Nd5 {[%clk 1:25:41]}  Be4 {[%clk 0:35:32]} 17. Nxc7+ {[%clk 1:24:24]}  Kd8 {[%clk 0:35:46]} 18. Nxa8 {[%clk 1:24:43]}  Bxh1 {[%clk 0:36:01]} 19. Kxd2 {[%clk 1:23:34]}  b6 {[%clk 0:35:47]} 20. Nxb6 {[%clk 1:22:47]}  Rxh2+ {[%clk 0:35:47]} 21. Kc3 {[%clk 1:22:41]}  axb6 {[%clk 0:35:18]} 22. Bc4 {[%clk 1:21:51]}  Ne6 {[%clk 0:34:16]} 23. Rf1 {[%clk 1:21:58]}  Ke8 {[%clk 0:33:48]} 24. Ne2 {[%clk 1:21:49]}  Rh3+ {[%clk 0:32:46]} 25. Kd2 {[%clk 1:21:47]}  Bg5+ {[%clk 0:32:40]} 26. Ke1 {[%clk 1:21:13]}  Bc6 {[%clk 0:31:35]} 27. Rg1 {[%clk 1:18:49]}  Rh1 {[%clk 0:30:27]} 28. Rxh1 {[%clk 1:17:33]}  Bxh1 {[%clk 0:30:55]} 29. c3 {[%clk 1:16:12]}  Ke7 {[%clk 0:30:28]} 30. Nd4 {[%clk 1:16:00]}  Nxd4 {[%clk 0:30:45]} 31. cxd4 {[%clk 1:16:24]}  Nc6 {[%clk 0:31:02]} 32. Kf2 {[%clk 1:11:40]}  Nxd4 {[%clk 0:30:48]} 33. Kg3 {[%clk 1:11:46]}  Bf3 {[%clk 0:30:17]} 34. a4 {[%clk 1:11:42]}  Bd1 {[%clk 0:30:34]} 0-1

[Event "45th FIDE Chess Olympiad Open"]
[Site "Budapest, Hungary"]
[Date "2024.09.20"]
[Round "9"]
[White "Heron, Andrew"]
[Black "Amba Oyon Marius Claude"]
[Result "1-0"]
[Board "243"]
[WhiteFideId "12000213"]
[BlackFideId "16400240"]
[BlackTitle "IM"]
[WhiteElo "2026"]
[BlackElo "1975"]
[WhiteTeam "Liechtenstein"]
[BlackTeam "Cameroon"]
[WhiteClock "0:22:09"]
[BlackClock "0:40:03"]
[Variant "Standard"]

1. e4 {[%clk 1:30:50]}  c5 {[%clk 1:30:45]} 2. Nf3 {[%clk 1:31:12]}  e6 {[%clk 1:30:55]} 3. b3 {[%clk 1:31:35]}  d5 {[%clk 1:29:50]} 4. exd5 {[%clk 1:31:13]}  exd5 {[%clk 1:30:10]} 5. Bb5+ {[%clk 1:30:46]}  Nc6 {[%clk 1:30:20]} 6. Qe2+ {[%clk 1:30:17]}  Be7 {[%clk 1:29:50]} 7. Bb2 {[%clk 1:27:00]}  Nf6 {[%clk 1:29:13]} 8. Ne5 {[%clk 1:17:38]}  Qd6 {[%clk 1:26:34]} 9. O-O {[%clk 1:03:43]}  O-O {[%clk 1:26:50]} 10. Bxc6 {[%clk 1:02:43]}  bxc6 {[%clk 1:26:58]} 11. Re1 {[%clk 0:57:02]}  Re8 {[%clk 1:27:06]} 12. d3 {[%clk 0:50:16]}  Bf8 {[%clk 1:25:49]} 13. f4 {[%clk 0:45:45]}  d4 {[%clk 1:24:10]} 14. Nd2 {[%clk 0:43:12]}  Bf5 {[%clk 1:15:22]} 15. Ndc4 {[%clk 0:41:16]}  Qc7 {[%clk 1:14:50]} 16. Qf2 {[%clk 0:35:46]}  Rac8 {[%clk 1:13:31]} 17. a4 {[%clk 0:35:44]}  Nd5 {[%clk 1:13:13]} 18. g3 {[%clk 0:34:40]}  f6 {[%clk 1:12:43]} 19. Nf3 {[%clk 0:34:20]}  Bg4 {[%clk 1:10:18]} 20. Nfd2 {[%clk 0:30:55]}  h6 {[%clk 1:07:01]} 21. Ne4 {[%clk 0:25:42]}  f5 {[%clk 1:05:48]} 22. Ned2 {[%clk 0:25:38]}  Nb4 {[%clk 1:06:01]} 23. Rac1 {[%clk 0:23:04]}  g5 {[%clk 0:52:54]} 24. Ne5 {[%clk 0:22:20]}  Bh5 {[%clk 0:52:19]} 25. Ndc4 {[%clk 0:21:14]}  Bg7 {[%clk 0:52:21]} 26. Ba3 {[%clk 0:19:58]}  Rcd8 {[%clk 0:46:08]} 27. h3 {[%clk 0:17:21]}  Bf6 {[%clk 0:45:49]} 28. Kh2 {[%clk 0:14:33]}  Rd5 {[%clk 0:43:55]} 29. Rg1 {[%clk 0:12:44]}  Na2 {[%clk 0:41:46]} 30. Rce1 {[%clk 0:12:39]}  Nc3 {[%clk 0:41:59]} 31. Bb2 {[%clk 0:12:12]}  Na2 {[%clk 0:29:47]} 32. Bc1 {[%clk 0:08:04]}  Nxc1 {[%clk 0:28:32]} 33. Rxc1 {[%clk 0:08:31]}  Kh8 {[%clk 0:24:54]} 34. Rce1 {[%clk 0:08:40]}  Rdd8 {[%clk 0:24:25]} 35. Kh1 {[%clk 0:05:41]}  Rc8 {[%clk 0:23:02]} 36. Kh2 {[%clk 0:05:04]}  Kg7 {[%clk 0:22:46]} 37. Kh1 {[%clk 0:04:07]}  Re7 {[%clk 0:21:12]} 38. Kh2 {[%clk 0:02:20]}  Rce8 {[%clk 0:21:30]} 39. Kh1 {[%clk 0:01:32]}  Re6 {[%clk 0:21:02]} 40. Kh2 {[%clk 0:01:38]}  Kh7 {[%clk 0:20:11]} 41. g4 {[%clk 0:00:38]}  fxg4 {[%clk 0:18:38]} 42. hxg4 {[%clk 0:29:24]}  Bf7 {[%clk 0:46:50]} 43. Nxf7 {[%clk 0:24:58]}  Rxe1 {[%clk 0:47:05]} 44. Rxe1 {[%clk 0:24:35]}  Qxf7 {[%clk 0:45:55]} 45. Nd6 {[%clk 0:22:39]}  Qf8 {[%clk 0:39:56]} 46. Nxe8 {[%clk 0:22:35]}  Be7 {[%clk 0:40:03]} 47. Qf3 {[%clk 0:22:09]} 1-0

[Event "45th FIDE Chess Olympiad Open"]
[Site "Budapest, Hungary"]
[Date "2024.09.20"]
[Round "9"]
[White "Makem Pierre"]
[Black "Frick, Renato"]
[Result "1-0"]
[Board "244"]
[WhiteFideId "11000805"]
[BlackFideId "12000027"]
[WhiteTitle "CM"]
[WhiteElo "1860"]
[BlackElo "1925"]
[WhiteTeam "Cameroon"]
[BlackTeam "Liechtenstein"]
[WhiteClock "1:10:06"]
[BlackClock "0:44:06"]
[Variant "Standard"]

1. d4 {[%clk 1:30:55]}  Nf6 {[%clk 1:30:52]} 2. Bf4 {[%clk 1:31:13]}  d5 {[%clk 1:31:05]} 3. e3 {[%clk 1:31:22]}  c5 {[%clk 1:30:43]} 4. Nf3 {[%clk 1:26:11]}  Bg4 {[%clk 1:30:06]} 5. Nbd2 {[%clk 1:23:27]}  Nc6 {[%clk 1:26:30]} 6. c3 {[%clk 1:23:33]}  e6 {[%clk 1:25:08]} 7. Qa4 {[%clk 1:20:34]}  Nd7 {[%clk 1:10:19]} 8. Ne5 {[%clk 1:18:22]}  Ncxe5 {[%clk 0:57:17]} 9. Bxe5 {[%clk 1:17:10]}  f6 {[%clk 0:55:01]} 10. dxc5 {[%clk 1:16:31]}  fxe5 {[%clk 0:54:28]} 11. Qxg4 {[%clk 1:16:43]}  Qf6 {[%clk 0:54:28]} 12. b4 {[%clk 1:14:16]}  a5 {[%clk 0:53:08]} 13. Bb5 {[%clk 1:14:23]}  e4 {[%clk 0:53:21]} 14. O-O {[%clk 1:14:35]}  O-O-O {[%clk 0:51:50]} 15. Bxd7+ {[%clk 1:12:52]}  Rxd7 {[%clk 0:50:38]} 16. Rac1 {[%clk 1:12:28]}  g5 {[%clk 0:45:54]} 17. f3 {[%clk 1:09:49]}  h5 {[%clk 0:46:03]} 18. Qg3 {[%clk 1:10:09]}  Qg6 {[%clk 0:43:55]} 19. fxe4 {[%clk 1:09:51]}  dxe4 {[%clk 0:44:06]} 20. Nc4 {[%clk 1:10:06]} 1-0

[Event "45th FIDE Chess Olympiad Open"]
[Site "Budapest, Hungary"]
[Date "2024.09.20"]
[Round "9"]
[White "Aziz, Husain"]
[Black "Oatlhotse, Providence"]
[Result "1/2-1/2"]
[Board "245"]
[WhiteFideId "12100293"]
[BlackFideId "11300507"]
[WhiteTitle "IM"]
[BlackTitle "IM"]
[WhiteElo "2340"]
[BlackElo "2239"]
[WhiteTeam "Qatar"]
[BlackTeam "Botswana"]
[WhiteClock "0:46:29"]
[BlackClock "0:22:36"]
[Variant "Standard"]

1. e4 {[%clk 1:30:52]}  c6 {[%clk 1:30:27]} 2. d4 {[%clk 1:30:57]}  d5 {[%clk 1:30:51]} 3. exd5 {[%clk 1:31:05]}  cxd5 {[%clk 1:31:17]} 4. Bd3 {[%clk 1:31:18]}  Nc6 {[%clk 1:31:35]} 5. c3 {[%clk 1:31:39]}  Nf6 {[%clk 1:31:55]} 6. Bf4 {[%clk 1:31:22]}  Bg4 {[%clk 1:31:55]} 7. Qb3 {[%clk 1:31:41]}  Qd7 {[%clk 1:31:46]} 8. Nd2 {[%clk 1:31:46]}  e6 {[%clk 1:32:08]} 9. Ngf3 {[%clk 1:31:55]}  Bd6 {[%clk 1:32:36]} 10. Bxd6 {[%clk 1:31:34]}  Qxd6 {[%clk 1:29:01]} 11. O-O {[%clk 1:31:53]}  O-O {[%clk 1:29:08]} 12. Rfe1 {[%clk 1:31:58]}  Bxf3 {[%clk 1:21:05]} 13. Nxf3 {[%clk 1:31:45]}  Rab8 {[%clk 1:21:17]} 14. a4 {[%clk 1:28:52]}  Rfc8 {[%clk 1:21:10]} 15. Qd1 {[%clk 1:26:11]}  a6 {[%clk 1:18:59]} 16. Qe2 {[%clk 1:24:33]}  Qc7 {[%clk 1:14:12]} 17. g3 {[%clk 1:21:37]}  Qd8 {[%clk 1:10:24]} 18. Kg2 {[%clk 1:20:18]}  Rc7 {[%clk 1:07:15]} 19. h4 {[%clk 1:19:24]}  Re7 {[%clk 1:05:16]} 20. Qe3 {[%clk 1:11:41]}  Qc7 {[%clk 1:04:58]} 21. Re2 {[%clk 1:02:23]}  Rbe8 {[%clk 1:03:25]} 22. Ne5 {[%clk 1:01:44]}  Nxe5 {[%clk 1:03:42]} 23. dxe5 {[%clk 1:01:03]}  Nd7 {[%clk 1:03:51]} 24. Qd4 {[%clk 0:43:42]}  Rc8 {[%clk 1:01:35]} 25. h5 {[%clk 0:39:38]}  h6 {[%clk 1:00:12]} 26. f4 {[%clk 0:35:55]}  Qc5 {[%clk 0:57:49]} 27. Qxc5 {[%clk 0:34:33]}  Nxc5 {[%clk 0:51:21]} 28. Bc2 {[%clk 0:34:56]}  a5 {[%clk 0:49:55]} 29. Kf3 {[%clk 0:31:59]}  b6 {[%clk 0:44:16]} 30. Rd2 {[%clk 0:30:34]}  Rb7 {[%clk 0:44:25]} 31. Rd4 {[%clk 0:28:38]}  b5 {[%clk 0:43:55]} 32. axb5 {[%clk 0:29:00]}  Rxb5 {[%clk 0:44:22]} 33. Ra2 {[%clk 0:26:10]}  Kf8 {[%clk 0:43:49]} 34. Rd2 {[%clk 0:17:55]}  Rcb8 {[%clk 0:41:19]} 35. Bd1 {[%clk 0:18:23]}  a4 {[%clk 0:38:35]} 36. Bxa4 {[%clk 0:17:01]}  Ra5 {[%clk 0:37:08]} 37. b3 {[%clk 0:15:42]}  Rba8 {[%clk 0:32:17]} 38. Rd4 {[%clk 0:12:25]}  Nxb3 {[%clk 0:26:57]} 39. Bxb3 {[%clk 0:12:53]}  Rxa2 {[%clk 0:27:24]} 40. Bxa2 {[%clk 0:13:14]}  Rxa2 {[%clk 0:27:42]} 41. Rb4 {[%clk 0:13:41]}  Ra3 {[%clk 0:25:42]} 42. Rb8+ {[%clk 0:13:41]}  Ke7 {[%clk 0:26:08]} 43. Rb7+ {[%clk 0:13:58]}  Ke8 {[%clk 0:26:21]} 44. Rb8+ {[%clk 0:14:08]}  Kd7 {[%clk 0:14:30]} 45. Rb7+ {[%clk 0:14:32]}  Ke8 {[%clk 0:01:34]} 46. Rb8+ {[%clk 0:14:47]}  Ke7 {[%clk 0:01:53]} 47. Rb7+ {[%clk 0:15:13]}  Kf8 {[%clk 0:01:35]} 48. Rb8+ {[%clk 0:15:36]}  Ke7 {[%clk 0:21:59]} 49. Rb7+ {[%clk 0:45:37]}  Ke8 {[%clk 0:22:14]} 50. Rb8+ {[%clk 0:46:02]}  Ke7 {[%clk 0:22:36]} 51. Rb7+ {[%clk 0:46:29]} 1/2-1/2

[Event "45th FIDE Chess Olympiad Open"]
[Site "Budapest, Hungary"]
[Date "2024.09.20"]
[Round "9"]
[White "Notha, Moakofi"]
[Black "Erfan Mohamad Firdaus"]
[Result "1-0"]
[Board "246"]
[WhiteFideId "11300710"]
[BlackFideId "12102032"]
[WhiteElo "1996"]
[BlackElo "1758"]
[WhiteTeam "Botswana"]
[BlackTeam "Qatar"]
[WhiteClock "0:30:54"]
[BlackClock "0:15:44"]
[Variant "Standard"]

1. e4 {[%clk 1:30:50]}  e5 {[%clk 1:30:46]} 2. Nf3 {[%clk 1:30:59]}  Nc6 {[%clk 1:31:10]} 3. Bb5 {[%clk 1:31:12]}  a6 {[%clk 1:31:33]} 4. Ba4 {[%clk 1:31:38]}  Nf6 {[%clk 1:31:57]} 5. d4 {[%clk 1:31:45]}  exd4 {[%clk 1:32:12]} 6. e5 {[%clk 1:32:12]}  Ne4 {[%clk 1:31:57]} 7. O-O {[%clk 1:32:04]}  Nc5 {[%clk 1:28:32]} 8. Bg5 {[%clk 1:30:22]}  Be7 {[%clk 1:24:48]} 9. Bxe7 {[%clk 1:30:36]}  Qxe7 {[%clk 1:21:22]} 10. Bxc6 {[%clk 1:30:55]}  dxc6 {[%clk 1:21:28]} 11. Qxd4 {[%clk 1:30:57]}  O-O {[%clk 1:21:12]} 12. Nc3 {[%clk 1:21:45]}  Bf5 {[%clk 1:19:36]} 13. Rac1 {[%clk 1:21:46]}  Rad8 {[%clk 1:18:48]} 14. Qf4 {[%clk 1:22:00]}  Bg6 {[%clk 1:08:11]} 15. Rfe1 {[%clk 1:20:01]}  Rd7 {[%clk 0:59:40]} 16. Nh4 {[%clk 1:17:45]}  Rfd8 {[%clk 0:46:32]} 17. Nxg6 {[%clk 1:16:43]}  hxg6 {[%clk 0:46:41]} 18. Qe3 {[%clk 1:13:09]}  Rd4 {[%clk 0:40:46]} 19. Rcd1 {[%clk 1:08:46]}  Qd7 {[%clk 0:28:04]} 20. Rxd4 {[%clk 0:54:19]}  Qxd4 {[%clk 0:28:29]} 21. Qxd4 {[%clk 0:54:35]}  Rxd4 {[%clk 0:28:57]} 22. Rd1 {[%clk 0:51:10]}  Ne6 {[%clk 0:19:21]} 23. Kf1 {[%clk 0:47:08]}  b5 {[%clk 0:16:09]} 24. Rd3 {[%clk 0:34:24]}  c5 {[%clk 0:01:44]} 25. Rxd4 {[%clk 0:18:42]}  cxd4 {[%clk 0:01:31]} 26. Nd5 {[%clk 0:16:01]}  c5 {[%clk 0:01:45]} 27. f4 {[%clk 0:14:58]}  c4 {[%clk 0:01:27]} 28. g4 {[%clk 0:13:45]}  a5 {[%clk 0:01:22]} 29. f5 {[%clk 0:09:29]}  gxf5 {[%clk 0:01:45]} 30. gxf5 {[%clk 0:09:58]}  Nc5 {[%clk 0:02:02]} 31. Ne7+ {[%clk 0:09:54]}  Kf8 {[%clk 0:02:25]} 32. Nc6 {[%clk 0:10:17]}  d3 {[%clk 0:02:24]} 33. Ke1 {[%clk 0:07:21]}  dxc2 {[%clk 0:01:58]} 34. Kd2 {[%clk 0:07:50]}  Nd3 {[%clk 0:00:50]} 35. Kxc2 {[%clk 0:08:16]}  Nb4+ {[%clk 0:00:36]} 36. Nxb4 {[%clk 0:03:58]}  axb4 {[%clk 0:01:05]} 37. a3 {[%clk 0:01:35]}  b3+ {[%clk 0:00:32]} 38. Kc3 {[%clk 0:01:35]}  Ke7 {[%clk 0:00:45]} 39. a4 {[%clk 0:00:39]}  bxa4 {[%clk 0:01:06]} 40. Kxc4 {[%clk 0:01:04]}  a3 {[%clk 0:00:35]} 41. Kxb3 {[%clk 0:01:31]}  axb2 {[%clk 0:00:55]} 42. Kxb2 {[%clk 0:01:57]}  g6 {[%clk 0:25:26]} 43. fxg6 {[%clk 0:31:27]}  fxg6 {[%clk 0:25:54]} 44. Kc3 {[%clk 0:31:47]}  g5 {[%clk 0:23:27]} 45. h3 {[%clk 0:29:42]}  Ke6 {[%clk 0:18:51]} 46. Kd4 {[%clk 0:30:06]}  Ke7 {[%clk 0:18:40]} 47. Ke3 {[%clk 0:29:28]}  Kf7 {[%clk 0:18:43]} 48. Kf3 {[%clk 0:29:41]}  Kg7 {[%clk 0:17:23]} 49. Ke4 {[%clk 0:29:46]}  Kg6 {[%clk 0:16:32]} 50. Kd5 {[%clk 0:29:56]}  Kf7 {[%clk 0:16:19]} 51. Kd6 {[%clk 0:30:18]}  Ke8 {[%clk 0:16:14]} 52. Ke6 {[%clk 0:30:40]}  Kd8 {[%clk 0:15:44]} 53. Kf7 {[%clk 0:30:54]} 1-0